000 00368nam a2200121Ia 4500
008 250110s9999 xx 000 0 und d
041 _aeng
100 _aAher Ashwini
_9182668
245 _aLandscape Development Proposal For Nehru Van Udyan At Pandav Leni Nashik
260 _bM Arch Landscape, Pune
_c2014
300 _a76p
700 _aGuide Name:Sharma Ritu
_9210343
999 _c363535
_d363535